[Event "37th IND-ch (w)"]
[Site "Bhubaneswar IND"]
[Date "2010.12.27"]
[Round "3"]
[White "Swati, Mohota"]
[Black "Pratyusha, Bodda"]
[Result "0-1"]
[WhiteElo "2090"]
[BlackElo "2086"]
[PlyCount "106"]
[EventDate "2010.12.25"]

1. d4 Nf6 2. c4 e6 3. a3 c5 4. e3 b6 5. Nc3 Bb7 6. Nf3 cxd4 7. exd4 Be7 8. d5
a6 9. Be2 Qc7 10. Be3 Ng4 11. O-O e5 12. Qb3 Nxe3 13. fxe3 d6 14. Nd2 O-O 15.
Na4 Nd7 16. Bg4 Nf6 17. Bf3 Bd8 18. Rac1 Rb8 19. Qc2 Bc8 20. b4 Bd7 21. Nb2 Ng4
22. Qd3 Nh6 23. e4 Bg5 24. Rc2 f5 25. Nb3 Rf6 26. Rcf2 Rbf8 27. Qe2 Qd8 28. g3
f4 29. g4 Bh4 30. Rg2 Nf7 31. Kh1 Ng5 32. a4 Rg6 33. c5 bxc5 34. bxc5 Qb8 35.
Qd3 Qb4 36. c6 Bc8 37. Nc1 Nh3 38. Qe2 Rff6 39. Ncd3 Qd4 40. Qd2 Ng5 41. Qe2
Rh6 42. Nc1 Rfg6 43. Nb3 Qa7 44. Nc4 Bg3 45. Ne3 Rh3 46. Nf5 Bxf5 47. gxf5 Rgh6
48. Rc1 Bxh2 49. Bg4 R3h4 50. Rxh2 Rxh2+ 51. Qxh2 Rxh2+ 52. Kxh2 Qf2+ 53. Kh1
f3 0-1

[Event "37th IND-ch (w)"]
[Site "Bhubaneswar IND"]
[Date "2010.12.27"]
[Round "3"]
[White "Kiran, Manisha Mohanty"]
[Black "Swathi, Ghate"]
[Result "0-1"]
[WhiteElo "2230"]
[BlackElo "2302"]
[PlyCount "60"]
[EventDate "2010.12.25"]

1. e4 c5 2. Nf3 e6 3. d4 cxd4 4. Nxd4 a6 5. Bd3 Bc5 6. Nb3 Be7 7. Be3 d6 8.
N1d2 Nd7 9. a4 b6 10. f4 Qc7 11. Nc4 Ngf6 12. a5 bxa5 13. Ncxa5 O-O 14. O-O e5
15. Ra4 Nb6 16. Rb4 Rb8 17. Nc4 Nfd7 18. Nxb6 Nxb6 19. Kh1 Nd5 20. exd5 Rxb4
21. fxe5 dxe5 22. c4 Rxc4 23. Bxc4 Qxc4 24. Na5 Qb5 25. Nc6 Bd6 26. Na7 Qxb2
27. Nxc8 Rxc8 28. Qg4 Rf8 29. Bh6 e4 30. Bg5 f5 0-1

[Event "37th IND-ch (w)"]
[Site "Bhubaneswar IND"]
[Date "2010.12.27"]
[Round "3"]
[White "Pujari, Rucha"]
[Black "Harini, Sankaran"]
[Result "0-1"]
[WhiteElo "2114"]
[BlackElo "2063"]
[PlyCount "80"]
[EventDate "2010.12.25"]

1. d4 Nf6 2. Nf3 e6 3. g3 d5 4. Bg2 b5 5. O-O Bb7 6. Ne5 Nbd7 7. f4 c5 8. e3
Bd6 9. b3 b4 10. Bb2 Qc7 11. Nd2 O-O 12. Kh1 Rac8 13. Rc1 Qa5 14. Ndc4 dxc4 15.
Bxb7 c3 16. Ba1 Rb8 17. Bg2 Qc7 18. Nc4 cxd4 19. Qxd4 Bc5 20. Qd3 Nb6 21. a3
Nxc4 22. Qxc4 a5 23. Rcd1 Qb6 24. f5 e5 25. Rd5 Nxd5 26. Bxd5 Bxe3 27. f6 Qd4
28. Qc6 g6 29. axb4 axb4 30. Bc4 Rbd8 31. Qf3 Rd6 32. Be2 e4 33. Qg4 Rxf6 34.
Rd1 Qe5 35. Bc4 h5 36. Qe2 Bd4 37. Re1 e3 38. Qd3 Kg7 39. Re2 Rf1+ 40. Kg2 Rxa1
0-1

[Event "37th IND-ch (w)"]
[Site "Bhubaneswar IND"]
[Date "2010.12.27"]
[Round "3"]
[White "Sithalatchumi, A."]
[Black "Bharathi, Ramaraj"]
[Result "1/2-1/2"]
[WhiteElo "1917"]
[BlackElo "2111"]
[PlyCount "103"]
[EventDate "2010.12.25"]

1. d4 Nf6 2. Nf3 g6 3. c4 Bg7 4. Nc3 O-O 5. e4 d6 6. Be2 e5 7. O-O Nc6 8. d5
Ne7 9. Ne1 Nd7 10. Nd3 f5 11. f4 Qe8 12. Bf3 a6 13. Bd2 Rb8 14. a4 b6 15. Rb1
Nc5 16. Qc2 fxe4 17. Nxe4 Bf5 18. Ndxc5 bxc5 19. g4 Bxe4 20. Bxe4 exf4 21. Rxf4
Rxf4 22. Bxf4 Qd7 23. h3 Kh8 24. b3 Ng8 25. Rf1 Nf6 26. Bd3 Qe8 27. Bg5 Nd7 28.
Kh1 Ne5 29. Be4 Qd7 30. Rf4 Nf7 31. Bf6 Bxf6 32. Rxf6 Qe7 33. Re6 Qh4 34. Bg2
Ne5 35. Qc3 Rf8 36. Rxe5 dxe5 37. Qxe5+ Qf6 38. Qxc7 Re8 39. Qg3 Qd4 40. g5 Kg7
41. Qc7+ Kg8 42. Qg3 Qe5 43. Kh2 Kf8 44. d6 Qxg3+ 45. Kxg3 Rd8 46. b4 cxb4 47.
c5 Ke8 48. Bc6+ Rd7 49. Bd5 Rd8 50. Bc6+ Rd7 51. Bd5 Rd8 52. Bc6+ 1/2-1/2

[Event "37th IND-ch (w)"]
[Site "Bhubaneswar IND"]
[Date "2010.12.27"]
[Round "3"]
[White "Akshaya, A."]
[Black "Nivedhitha, J. G."]
[Result "1/2-1/2"]
[WhiteElo "2022"]
[BlackElo "1819"]
[PlyCount "117"]
[EventDate "2010.12.25"]

1. e4 c5 2. Nf3 g6 3. d4 cxd4 4. Nxd4 Nc6 5. Nc3 Bg7 6. Be3 d6 7. Be2 Nf6 8.
O-O O-O 9. Qd2 Ng4 10. Nxc6 bxc6 11. Bxg4 Bxg4 12. Bh6 Qb6 13. Bxg7 Kxg7 14.
Rab1 Rab8 15. Qg5 Be6 16. Qxe7 d5 17. Na4 Rfe8 18. Qxe8 Qc7 19. Qxb8 Qxb8 20.
Nc5 Qd6 21. Nxe6+ Qxe6 22. exd5 Qxd5 23. b3 Qc5 24. Rb2 Qc3 25. Rfb1 h5 26. b4
a6 27. a4 h4 28. h3 f6 29. b5 cxb5 30. axb5 axb5 31. Rxb5 Qxc2 32. R5b2 Qc3 33.
Re2 g5 34. Rbe1 Kg6 35. Re3 Qc4 36. g4 hxg3 37. fxg3 Qc5 38. Kg2 Kf7 39. R1e2
Qd6 40. Rf2 Qc6+ 41. Ref3 Kg6 42. Kh2 Kg7 43. Rxf6 Qxf6 44. Rxf6 Kxf6 45. Kg2
Ke6 46. Kf3 Kf5 47. Kf2 Kf6 48. Ke2 Ke6 49. Kd2 Kd6 50. Kd3 Kd5 51. Ke3 Ke5 52.
Kf3 Kf5 53. g4+ Ke5 54. Kg3 Kf6 55. Kf2 Ke6 56. Kf3 Ke5 57. Kg3 Kf6 58. h4
gxh4+ 59. Kxh4 1/2-1/2

[Event "37th IND-ch (w)"]
[Site "Bhubaneswar IND"]
[Date "2010.12.27"]
[Round "3"]
[White "Minki, Sinha"]
[Black "Rathore, Sonakshi"]
[Result "1-0"]
[WhiteElo "1880"]
[BlackElo "1971"]
[PlyCount "85"]
[EventDate "2010.12.25"]

1. e4 d5 2. exd5 Qxd5 3. Nc3 Qa5 4. d4 Nf6 5. Nf3 c6 6. Bc4 Bf5 7. h3 e6 8. Bd2
Qc7 9. g4 Bg6 10. Ne5 Nbd7 11. Nxg6 hxg6 12. Qf3 Nb6 13. Bb3 Bd6 14. O-O-O
O-O-O 15. Ne2 Kb8 16. c4 c5 17. Ba5 cxd4 18. Nxd4 Be5 19. Nb5 Qc5 20. Bxb6 Qxb6
21. g5 Nd7 22. Qxf7 Rhf8 23. Qxg6 Rxf2 24. Bc2 a6 25. Nc3 Bf4+ 26. Kb1 Ne5 27.
Qe4 Rc8 28. Rd4 Nc6 29. Rd7 Rf8 30. h4 Bd2 31. Nd1 R2f4 32. Qxe6 Bb4 33. Qd5
Re8 34. Rxg7 Nd4 35. Rd7 Bc5 36. Rh2 Nf3 37. Rh3 Ne1 38. Rb3 Bb4 39. a3 Nxc2
40. Kxc2 Qg6+ 41. Kc1 Rxc4+ 42. Qxc4 Rc8 43. Rxb7+ 1-0

[Event "37th IND-ch (w)"]
[Site "Bhubaneswar IND"]
[Date "2010.12.28"]
[Round "4"]
[White "Pratyusha, Bodda"]
[Black "Soumya, Swaminathan"]
[Result "1-0"]
[WhiteElo "2086"]
[BlackElo "2332"]
[PlyCount "103"]
[EventDate "2010.12.25"]

1. e4 c6 2. d4 d5 3. Nc3 dxe4 4. Nxe4 Bf5 5. Ng3 Bg6 6. h4 h6 7. Nf3 Nd7 8. h5
Bh7 9. Bd3 Bxd3 10. Qxd3 e6 11. Bf4 Qa5+ 12. Bd2 Bb4 13. c3 Be7 14. c4 Qc7 15.
d5 cxd5 16. cxd5 Qd6 17. Qb3 Qxd5 18. Qxd5 exd5 19. O-O Nc5 20. Bc3 Ne6 21. Nf5
Nf6 22. Rfe1 Nxh5 23. Rad1 Rd8 24. N3d4 Kd7 25. Nb5 Bf6 26. Bb4 Kc6 27. Nbd6
Rhf8 28. Nxf7 Rxf7 29. Rxe6+ Kc7 30. Nd6 Rfd7 31. Nb5+ Kb8 32. Bd6+ Ka8 33. Bh2
Bg5 34. Nc7+ Kb8 35. Na6+ Kc8 36. g4 bxa6 37. gxh5 Kb7 38. Rd3 d4 39. Be5 a5
40. Kg2 a4 41. f4 Bh4 42. Kf3 Be1 43. Rg6 a3 44. bxa3 Bc3 45. Bxg7 Rd5 46. Be5
Ra5 47. Rg7+ Ka6 48. Bc7 Rdd5 49. Rg6+ Kb7 50. Bxa5 Rxa5 51. Rxh6 Rxa3 52. Ke4
1-0

[Event "37th IND-ch (w)"]
[Site "Bhubaneswar IND"]
[Date "2010.12.28"]
[Round "4"]
[White "Swathi, Ghate"]
[Black "Gomes, Mary Ann"]
[Result "1/2-1/2"]
[WhiteElo "2302"]
[BlackElo "2306"]
[PlyCount "48"]
[EventDate "2010.12.25"]

1. e4 c5 2. Nf3 d6 3. d4 cxd4 4. Nxd4 Nf6 5. Nc3 a6 6. a4 Nc6 7. Be2 e5 8. Nf3
Be7 9. Bg5 Be6 10. O-O O-O 11. Bxf6 Bxf6 12. Nd5 Bxd5 13. Qxd5 Qb6 14. Rab1 Ne7
15. Qd3 Qc6 16. c4 Qxa4 17. Qxd6 Rfd8 18. Qb6 Qc6 19. Qe3 Ng6 20. Rfd1 Nf4 21.
Bf1 Ne6 22. Rd5 Nc7 23. Rdd1 Ne6 24. Rd5 Nc7 1/2-1/2

[Event "37th IND-ch (w)"]
[Site "Bhubaneswar IND"]
[Date "2010.12.28"]
[Round "4"]
[White "Tania, Sachdev"]
[Black "Padmini, Rout"]
[Result "0-1"]
[WhiteElo "2385"]
[BlackElo "2352"]
[PlyCount "118"]
[EventDate "2010.12.25"]

1. d4 Nf6 2. c4 g6 3. Nc3 d5 4. Nf3 Bg7 5. Bf4 O-O 6. e3 c5 7. dxc5 Ne4 8. Rc1
Nxc3 9. bxc3 Qa5 10. Be5 dxc4 11. Bxg7 Kxg7 12. Qd4+ f6 13. Qxc4 Nd7 14. c6 Ne5
15. Nxe5 Qxe5 16. Qb5 bxc6 17. Qxe5 fxe5 18. Bc4 Rb8 19. O-O Kf6 20. Rc2 Be6
21. Bxe6 Kxe6 22. Rd1 Rfd8 23. Rdc1 Kd5 24. c4+ Kc5 25. Kf1 e4 26. Ke2 Rb4 27.
h4 a5 28. h5 g5 29. f3 exf3+ 30. Kxf3 h6 31. Ke4 a4 32. g4 Rd6 33. Ke5 Rd3 34.
Ke4 Rd6 35. Ke5 Rd3 36. Ke4 Ra3 37. Kf3 Rb8 38. Rd1 Rf8+ 39. Ke2 Rf6 40. Rd7
Re6 41. Rd3 Rxd3 42. Kxd3 Kb4 43. Kd4 c5+ 44. Kd5 Rd6+ 45. Ke5 a3 46. Kf5 Rf6+
47. Ke5 Rf3 48. Ke6 Rxe3+ 49. Kf7 Re4 50. Kg7 Re6 51. Kh7 Rc6 52. Re2 Kxc4 53.
Rxe7 Kc3 54. Rg7 c4 55. Rg6 Rc7+ 56. Kxh6 Kb2 57. Rxg5 c3 58. Rf5 c2 59. Rf2
Kxa2 0-1

[Event "37th IND-ch (w)"]
[Site "Bhubaneswar IND"]
[Date "2010.12.28"]
[Round "4"]
[White "Saranya, J."]
[Black "Karavade, Eesha"]
[Result "1-0"]
[WhiteElo "2123"]
[BlackElo "2369"]
[PlyCount "133"]
[EventDate "2010.12.25"]

1. e4 e6 2. Nf3 d5 3. Nc3 d4 4. Ne2 c5 5. d3 Nc6 6. g3 e5 7. Bg2 Be7 8. O-O g5
9. Ne1 h5 10. f4 exf4 11. gxf4 g4 12. f5 Nf6 13. Nf4 Bd7 14. Nd5 Nxd5 15. exd5
Ne5 16. Qe2 Bd6 17. Bf4 Qf6 18. c3 O-O-O 19. cxd4 cxd4 20. Rc1+ Kb8 21. Qe4 Rc8
22. Qxd4 Rxc1 23. Bxc1 Rc8 24. Be3 Bc5 25. Qf4 Bxe3+ 26. Qxe3 Bb5 27. a4 Bd7
28. Qf4 Qd6 29. b3 f6 30. d4 Nf7 31. Nd3 Qxf4 32. Nxf4 Bxf5 33. Nxh5 Nd6 34.
Nxf6 Bc2 35. Nd7+ Ka8 36. Nc5 b6 37. Nd7 Be4 38. Re1 Bxg2 39. Kxg2 Rc3 40. Nf6
Rd3 41. Re6 Nf5 42. d6 Rd2+ 43. Kf1 Nxd4 44. Re8+ Kb7 45. d7 Nf3 46. d8=N+ Kc7
47. Ne6+ Kc6 48. Nxg4 Nxh2+ 49. Nxh2 Rxh2 50. Nd4+ Kc5 51. Nc2 Rh3 52. Rc8+ Kd6
53. b4 Rh4 54. Ke2 a5 55. b5 Rxa4 56. Rc6+ Kd5 57. Kd3 Rh4 58. Ne3+ Ke5 59.
Nc4+ Kd5 60. Nxb6+ Ke5 61. Rc4 Rh3+ 62. Kc2 Rh6 63. Na4 Kd5 64. Rc5+ Kd4 65.
Rc3 Rh5 66. b6 Rb5 67. Rb3 1-0

[Event "37th IND-ch (w)"]
[Site "Bhubaneswar IND"]
[Date "2010.12.28"]
[Round "4"]
[White "Mohota, Nisha"]
[Black "Preethi, Rajkumar"]
[Result "1-0"]
[WhiteElo "2325"]
[BlackElo "2073"]
[PlyCount "111"]
[EventDate "2010.12.25"]

1. d4 Nf6 2. c4 e6 3. Nc3 Bb4 4. Qc2 d5 5. cxd5 exd5 6. Bg5 c6 7. e3 Nbd7 8.
Bd3 h6 9. Bh4 a6 10. Nf3 Qc7 11. O-O Bd6 12. e4 dxe4 13. Bxe4 O-O 14. Bf5 Qa5
15. a3 Nd5 16. b4 Qc7 17. Nxd5 cxd5 18. Qxc7 Bxc7 19. Rfc1 Nb6 20. Rxc7 Bxf5
21. Rxb7 Nc4 22. Be7 Rfe8 23. h3 h5 24. h4 f6 25. Nh2 Kf7 26. Bc5+ Kg6 27. Nf1
Rab8 28. Ra7 Ra8 29. Rxa8 Rxa8 30. Ng3 Bd3 31. Re1 Bc2 32. Ne2 Kf5 33. Nc3 Rd8
34. a4 Rd7 35. f3 Bb3 36. Rb1 Bc2 37. Ra1 a5 38. b5 Ke6 39. b6 Kf7 40. Rc1 Bf5
41. Nxd5 Rxd5 42. b7 Rd8 43. Ba7 Nb2 44. Rc5 g6 45. Rxa5 Bd7 46. b8=Q Rxb8 47.
Bxb8 Nxa4 48. Kf2 Nb6 49. Bc7 Na4 50. Bd8 Nb2 51. Ra7 Ke6 52. Ra6+ Kf7 53.
Rxf6+ Kg7 54. Rb6 Nd3+ 55. Ke3 Ne1 56. Rb7 1-0

[Event "37th IND-ch (w)"]
[Site "Bhubaneswar IND"]
[Date "2010.12.28"]
[Round "4"]
[White "Harini, Sankaran"]
[Black "Sithalatchumi, A."]
[Result "1/2-1/2"]
[WhiteElo "2063"]
[BlackElo "1917"]
[PlyCount "97"]
[EventDate "2010.12.25"]

1. e4 e6 2. d4 d5 3. Nc3 Bb4 4. e5 c5 5. a3 Bxc3+ 6. bxc3 Qc7 7. Nf3 Ne7 8. a4
b6 9. Bb5+ Bd7 10. Bd3 Nbc6 11. O-O c4 12. Be2 f6 13. Bf4 O-O-O 14. exf6 Qxf4
15. fxe7 Rde8 16. Qd2 Qxd2 17. Nxd2 g5 18. f4 gxf4 19. Rxf4 Rxe7 20. Nf3 Rg8
21. g3 Rgg7 22. Kf2 Kc7 23. Bf1 e5 24. dxe5 Nxe5 25. Nxe5 Rxe5 26. Bg2 Rge7 27.
Bf3 Bc6 28. Rd4 Re3 29. Ra3 Kd6 30. g4 Kc5 31. Rf4 R3e5 32. h4 Be8 33. h5 Rf7
34. Kg3 h6 35. Rxf7 Bxf7 36. Kf4 Rg5 37. Ra1 a5 38. Re1 Kd6 39. Rb1 Kc6 40. Ke3
Be6 41. Rg1 Kc5 42. Be2 Bd7 43. Rf1 Bxg4 44. Bxg4 Rxg4 45. Rf6 Rg3+ 46. Kd2 b5
47. axb5 Kxb5 48. Rxh6 a4 49. Rd6 1/2-1/2

[Event "37th IND-ch (w)"]
[Site "Bhubaneswar IND"]
[Date "2010.12.28"]
[Round "4"]
[White "Bharathi, Ramaraj"]
[Black "Swati, Mohota"]
[Result "1/2-1/2"]
[WhiteElo "2111"]
[BlackElo "2090"]
[PlyCount "74"]
[EventDate "2010.12.25"]

1. e4 c6 2. d4 d5 3. exd5 cxd5 4. c4 Nf6 5. Nc3 Nc6 6. Nf3 Bg4 7. cxd5 Nxd5 8.
Qb3 Bxf3 9. gxf3 e6 10. Qxb7 Nxd4 11. Bb5+ Nxb5 12. Qc6+ Ke7 13. Qxb5 Qd7 14.
Nxd5+ Qxd5 15. Bg5+ f6 16. Qxd5 exd5 17. Be3 Ke6 18. O-O-O Bb4 19. a3 Rhc8+ 20.
Kb1 Bc5 21. Rhe1 Bxe3 22. Rxe3+ Kd6 23. Red3 Rc5 24. b4 Rb5 25. Kb2 a5 26. Rd4
g5 27. f4 axb4 28. axb4 Re8 29. fxg5 fxg5 30. Kb3 Re2 31. Ka4 Kc6 32. Rc1+ Kb6
33. Rf1 Kc6 34. Rc1+ Kb6 35. Rf1 Kc6 36. Rc1+ Kb6 37. Rf1 Kc6 1/2-1/2

[Event "37th IND-ch (w)"]
[Site "Bhubaneswar IND"]
[Date "2010.12.28"]
[Round "4"]
[White "Aparajita, Gochhikar"]
[Black "Kiran, Manisha Mohanty"]
[Result "1/2-1/2"]
[WhiteElo "1871"]
[BlackElo "2230"]
[PlyCount "81"]
[EventDate "2010.12.25"]

1. e4 c5 2. Nc3 d6 3. f4 Nc6 4. Bc4 g6 5. Nf3 Bg7 6. d3 e6 7. O-O Nge7 8. Qe1
O-O 9. f5 gxf5 10. Qg3 Nd4 11. Nxd4 cxd4 12. Bh6 Ng6 13. Bxg7 Kxg7 14. exf5
dxc3 15. fxg6 hxg6 16. bxc3 b5 17. Bb3 Bb7 18. c4 Rc8 19. cxb5 Rc5 20. Rf2 Rxb5
21. Raf1 Qb6 22. Kh1 Re5 23. Rf6 Qe3 24. Qxe3 Rxe3 25. Kg1 Re2 26. R1f2 Rxf2
27. Rxf2 e5 28. c4 f5 29. Bd1 Rc8 30. Rb2 Rc7 31. Bf3 e4 32. dxe4 fxe4 33. Be2
Kf6 34. Kf2 Ke5 35. Ke3 d5 36. Rb5 g5 37. Ra5 Bc6 38. Rc5 Kd6 39. Kd4 Rb7 40.
cxd5 Bd7 41. Ra5 1/2-1/2

[Event "37th IND-ch (w)"]
[Site "Bhubaneswar IND"]
[Date "2010.12.28"]
[Round "4"]
[White "Minki, Sinha"]
[Black "Pujari, Rucha"]
[Result "0-1"]
[WhiteElo "1880"]
[BlackElo "2114"]
[PlyCount "82"]
[EventDate "2010.12.25"]

1. e4 d6 2. d4 Nf6 3. Nc3 g6 4. Nf3 Bg7 5. Be2 O-O 6. O-O Bg4 7. Be3 Nc6 8. Qd2
e5 9. d5 Ne7 10. Bh6 Bxf3 11. Bxf3 Nd7 12. Be2 f5 13. Bxg7 Kxg7 14. f4 exf4 15.
Rxf4 g5 16. Rf2 f4 17. Bf3 Ne5 18. Nb5 Kh8 19. Nd4 Rg8 20. Ne6 Qd7 21. Be2 h6
22. b3 c5 23. c4 N7g6 24. Qc3 Nf8 25. Nxc5 Qg7 26. Na4 Nfg6 27. Re1 g4 28. Kh1
Raf8 29. Nb2 f3 30. Bf1 fxg2+ 31. Rxg2 Nh4 32. Rg3 Nhf3 33. Rc1 Qg6 34. Nd3
Qxe4 35. Nxe5 dxe5 36. Bg2 h5 37. Rf1 h4 38. Bxf3 gxf3 39. Rgxf3 Qe2 40. R1f2
Qd1+ 41. Rf1 Qxf1+ 0-1

[Event "37th IND-ch (w)"]
[Site "Bhubaneswar IND"]
[Date "2010.12.28"]
[Round "4"]
[White "Shweta, Gole"]
[Black "Arunima, Kalra"]
[Result "1-0"]
[WhiteElo "1906"]
[BlackElo "1866"]
[PlyCount "33"]
[EventDate "2010.12.25"]

1. d4 d5 2. Nf3 Nf6 3. e3 Bf5 4. c4 e6 5. Nc3 Be7 6. Qb3 b6 7. Ne5 O-O 8. Be2
c6 9. g4 Bg6 10. g5 Nfd7 11. Nxg6 hxg6 12. h4 Re8 13. cxd5 cxd5 14. Nxd5 Nc6
15. Nc3 e5 16. h5 Nf8 17. Bc4 1-0

[Event "37th IND-ch (w)"]
[Site "Bhubaneswar IND"]
[Date "2010.12.28"]
[Round "4"]
[White "Rathore, Sonakshi"]
[Black "Akshaya, A."]
[Result "1-0"]
[WhiteElo "1971"]
[BlackElo "2022"]
[PlyCount "117"]
[EventDate "2010.12.25"]

1. e4 e5 2. Nf3 Nc6 3. Bb5 Bc5 4. O-O Nf6 5. Nxe5 Nxe5 6. d4 a6 7. Be2 Qe7 8.
dxc5 Qxc5 9. Nc3 h6 10. Be3 Qe7 11. f4 Nc6 12. e5 O-O 13. exf6 Qxe3+ 14. Kh1
Qc5 15. Ne4 Qd4 16. fxg7 Kxg7 17. Bd3 f5 18. c3 Qd5 19. Ng3 d6 20. Qe2 Qf7 21.
Rf3 Kh8 22. Re1 Bd7 23. Re3 b5 24. a3 Rab8 25. Qf3 Rb6 26. Ne2 Ne7 27. Qh3 Kh7
28. Nd4 Ng6 29. Nf3 Qf6 30. Ng5+ Kg7 31. Ne6+ Bxe6 32. Rxe6 Qf7 33. Qg3 Kh7 34.
h4 d5 35. Rxb6 cxb6 36. h5 Ne7 37. Qh4 Nc6 38. g4 Qc7 39. Bxf5+ Kh8 40. Qg3 Qg7
41. Re6 Ne7 42. Bd3 Rf6 43. Rxf6 Qxf6 44. g5 Qf7 45. Qg4 d4 46. gxh6 dxc3 47.
bxc3 Qf6 48. Qg5 Qc6+ 49. Kh2 Qxc3 50. Qxe7 Qd2+ 51. Kg1 Qd1+ 52. Bf1 Qg4+ 53.
Bg2 Qd1+ 54. Kf2 Qd2+ 55. Kg3 Qc3+ 56. Kh2 Qd4 57. Qf8+ Kh7 58. Qf7+ Kh8 59.
Qe8+ 1-0

[Event "37th IND-ch (w)"]
[Site "Bhubaneswar IND"]
[Date "2010.12.28"]
[Round "4"]
[White "Nivedhitha, J. G."]
[Black "Amrutha, Mokal"]
[Result "0-1"]
[WhiteElo "1819"]
[BlackElo "2089"]
[PlyCount "98"]
[EventDate "2010.12.25"]

1. e4 c5 2. Nf3 e6 3. d4 cxd4 4. Nxd4 a6 5. Nc3 Qc7 6. g3 Nf6 7. Bg2 Be7 8. O-O
d6 9. Be3 Nbd7 10. Re1 Ne5 11. Rb1 O-O 12. f4 Neg4 13. Kh1 Nxe3 14. Rxe3 Rd8
15. Qe2 Bf8 16. Nb3 Rb8 17. e5 dxe5 18. fxe5 Nd7 19. Rf1 b5 20. Qh5 g6 21. Qe2
Bg7 22. Re1 b4 23. Nd1 Nxe5 24. c3 a5 25. Nf2 Nc4 26. Re4 Nd6 27. Re3 Nc4 28.
Re4 Nd6 29. Re3 a4 30. Nd4 Bb7 31. Nf3 Nc4 32. Rd3 bxc3 33. bxc3 Bd5 34. Rc1
Rb2 35. Rc2 Rdb8 36. Kg1 a3 37. Nd4 Bxg2 38. Kxg2 Bxd4 39. Nd1 Rxc2 40. Qxc2
Ne3+ 41. Nxe3 Rb2 42. Rxd4 Rxc2+ 43. Nxc2 Qxc3 44. Rd8+ Kg7 45. Nd4 Qb2+ 46.
Kf3 Qxa2 47. g4 Qb2 48. g5 a2 49. Rd7 Qb6 0-1

[Event "37th IND-ch (w)"]
[Site "Bhubaneswar IND"]
[Date "2010.12.29"]
[Round "5"]
[White "Gomes, Mary Ann"]
[Black "Pratyusha, Bodda"]
[Result "1-0"]
[WhiteElo "2306"]
[BlackElo "2086"]
[PlyCount "79"]
[EventDate "2010.12.25"]

1. Nf3 Nf6 2. g3 b5 3. Bg2 Bb7 4. O-O e6 5. b3 Be7 6. Bb2 c5 7. d3 Qb6 8. e4 d6
9. Nbd2 O-O 10. c4 a6 11. Re1 Nc6 12. Nf1 Rad8 13. Ne3 Nd7 14. Qd2 Nde5 15.
Red1 Nxf3+ 16. Bxf3 Bg5 17. Bg2 Bxe3 18. fxe3 e5 19. d4 Ne7 20. cxb5 axb5 21.
a4 bxa4 22. bxa4 cxd4 23. exd4 f5 24. a5 Qa7 25. a6 Bxe4 26. Bxe4 fxe4 27. Qe2
Rb8 28. Kh1 Qa8 29. d5 e3 30. a7 Rb4 31. Ba3 Rd4 32. Bxd6 Nxd5 33. Kg1 Nc3 34.
Qxe3 Nxd1 35. Qb3+ Kh8 36. Bxf8 Rd2 37. Qb7 Qxb7 38. a8=Q Rg2+ 39. Kf1 Ne3+ 40.
Ke1 1-0

[Event "37th IND-ch (w)"]
[Site "Bhubaneswar IND"]
[Date "2010.12.29"]
[Round "5"]
[White "Saranya, J."]
[Black "Mohota, Nisha"]
[Result "1/2-1/2"]
[WhiteElo "2123"]
[BlackElo "2325"]
[PlyCount "114"]
[EventDate "2010.12.25"]

1. e4 e5 2. Nf3 Nc6 3. Bc4 Nf6 4. d3 Be7 5. c3 O-O 6. Nbd2 d5 7. exd5 Nxd5 8.
Ne4 Nf4 9. Bxf4 exf4 10. d4 Bf5 11. Bd3 Qd5 12. Qc2 Bg6 13. O-O Rad8 14. Rfe1
Qh5 15. b4 Rfe8 16. Re2 Bf8 17. Rae1 Re6 18. b5 Ne7 19. Bc4 Nd5 20. Qb3 c6 21.
Neg5 Rxe2 22. Rxe2 h6 23. Ne4 Bf5 24. Ned2 Be6 25. bxc6 bxc6 26. Ne5 Re8 27.
Re1 Nb6 28. Bxe6 Rxe6 29. Ndf3 Qf5 30. a4 g5 31. c4 g4 32. a5 Nd7 33. Nxd7
Rxe1+ 34. Nxe1 Qxd7 35. Nc2 Qf5 36. Qc3 Bg7 37. Qb3 f3 38. d5 cxd5 39. cxd5 Be5
40. Ne3 Qf4 41. g3 Qd4 42. Qc4 Qxc4 43. Nxc4 f6 44. h3 gxh3 45. Kh2 Bd4 46.
Kxh3 f5 47. Nd6 Bxf2 48. Nxf5 Be1 49. a6 Kf7 50. Nd4 Bf2 51. Nxf3 Ke7 52. Nd2
Bxg3 53. Kxg3 Kd6 54. Nc4+ Kxd5 55. Nb6+ Kc6 56. Nc8 Kb5 57. Nxa7+ Kxa6 1/2-1/2

[Event "37th IND-ch (w)"]
[Site "Bhubaneswar IND"]
[Date "2010.12.29"]
[Round "5"]
[White "Soumya, Swaminathan"]
[Black "Tania, Sachdev"]
[Result "1-0"]
[WhiteElo "2332"]
[BlackElo "2385"]
[PlyCount "57"]
[EventDate "2010.12.25"]

1. e4 e5 2. Nf3 Nc6 3. Bb5 a6 4. Ba4 Nf6 5. O-O b5 6. Bb3 Bc5 7. c3 d6 8. a4
Rb8 9. d4 Bb6 10. Na3 O-O 11. axb5 axb5 12. Nxb5 Bg4 13. Be3 exd4 14. cxd4 Nxe4
15. Qc2 Qe8 16. Ba4 Bd7 17. Rfc1 Rc8 18. Re1 f5 19. Nc3 Kh8 20. Bxc6 Bxc6 21.
d5 Bb7 22. Rad1 Ba5 23. Qb3 Ba8 24. Ba7 c6 25. dxc6 Qxc6 26. Bd4 Ng5 27. Re7
Nxf3+ 28. gxf3 Rg8 29. Qf7 1-0

[Event "37th IND-ch (w)"]
[Site "Bhubaneswar IND"]
[Date "2010.12.29"]
[Round "5"]
[White "Karavade, Eesha"]
[Black "Harini, Sankaran"]
[Result "1/2-1/2"]
[WhiteElo "2369"]
[BlackElo "2063"]
[PlyCount "83"]
[EventDate "2010.12.25"]

1. d4 Nf6 2. c4 e6 3. Nf3 b6 4. g3 Bb7 5. Bg2 Be7 6. Nc3 Ne4 7. Bd2 f5 8. d5
Bf6 9. Qc2 Nxc3 10. Bxc3 O-O 11. Rd1 Qe8 12. O-O Na6 13. dxe6 dxe6 14. Bxf6
Rxf6 15. Ne5 Bxg2 16. Kxg2 Qh5 17. Rd4 f4 18. Nf3 Raf8 19. Rfd1 g5 20. Rd8 g4
21. Rxf8+ Rxf8 22. Nh4 fxg3 23. hxg3 Qf7 24. f3 gxf3+ 25. exf3 Qg7 26. Qe2 Kh8
27. f4 Rg8 28. Rd3 Nc5 29. Rf3 a5 30. f5 Qf6 31. fxe6 Qxe6 32. Qxe6 Nxe6 33.
Re3 Nc5 34. Nf5 Rf8 35. g4 Rd8 36. Kf3 Kg8 37. Ke2 Rd7 38. Ne7+ Kf7 39. Nd5 Ne6
40. Rf3+ Kg7 41. Re3 Kf7 42. Rf3+ 1/2-1/2

[Event "37th IND-ch (w)"]
[Site "Bhubaneswar IND"]
[Date "2010.12.29"]
[Round "5"]
[White "Pujari, Rucha"]
[Black "Sithalatchumi, A."]
[Result "1-0"]
[WhiteElo "2114"]
[BlackElo "1917"]
[PlyCount "75"]
[EventDate "2010.12.25"]

1. d4 d5 2. Nf3 Nf6 3. g3 e6 4. Bg2 Be7 5. O-O O-O 6. c4 dxc4 7. Qc2 Bd7 8.
Qxc4 Bc6 9. Bf4 Nbd7 10. Nc3 Nh5 11. Bd2 Nhf6 12. Rfd1 Nb6 13. Qd3 Bb4 14. Ne5
Bxg2 15. Kxg2 c5 16. dxc5 Bxc5 17. Qf3 Qe7 18. Bg5 h6 19. Bxf6 gxf6 20. Nd3 f5
21. Nxc5 Qxc5 22. Qxb7 Rab8 23. Qf3 Nc4 24. Na4 Qb5 25. b3 Ne5 26. Qf4 Ng6 27.
Qf3 Ne5 28. Qc3 Rfc8 29. Qb2 Ng4 30. Rac1 Qb7+ 31. Kg1 Qe4 32. Nc5 Qb4 33. Nd7
Rxc1 34. Qxc1 Re8 35. h3 Nxf2 36. Kxf2 Kg7 37. Qc5 Qb7 38. Qe5+ 1-0

[Event "37th IND-ch (w)"]
[Site "Bhubaneswar IND"]
[Date "2010.12.29"]
[Round "5"]
[White "Swati, Mohota"]
[Black "Shweta, Gole"]
[Result "1-0"]
[WhiteElo "2090"]
[BlackElo "1906"]
[PlyCount "113"]
[EventDate "2010.12.25"]

1. d4 Nf6 2. c4 c5 3. dxc5 Qa5+ 4. Nc3 Qxc5 5. e3 g6 6. a3 Bg7 7. b4 Qc7 8. Bb2
O-O 9. Nf3 d6 10. Be2 a5 11. O-O axb4 12. axb4 Rxa1 13. Qxa1 Be6 14. Rc1 Qb6
15. Na4 Qd8 16. b5 Nbd7 17. Nd4 Bh6 18. Qa3 Bg4 19. f3 Be6 20. Nxe6 fxe6 21.
Qb3 Kf7 22. f4 Ne4 23. Bg4 Nec5 24. Nxc5 Nxc5 25. Qc2 Ke8 26. Bd4 Qc8 27. Ra1
Kd7 28. Bxc5 Qxc5 29. Qe4 Rf6 30. Qxb7+ Ke8 31. Qc6+ Qxc6 32. bxc6 Kd8 33. Ra7
g5 34. Rd7+ Kc8 35. Rxe7 Kd8 36. Rxh7 gxf4 37. c7+ Kc8 38. exf4 Bxf4 39. g3
Be3+ 40. Kg2 Bb6 41. Re7 Bxc7 42. Bxe6+ Kb7 43. Bd5+ Kb6 44. Rd7 Rf8 45. h4 Rd8
46. Rh7 Rf8 47. g4 Bd8 48. g5 Rf4 49. Kg3 Rf1 50. Rd7 Rf8 51. Kg4 Kc5 52. h5
Ba5 53. g6 Bd2 54. g7 Rf4+ 55. Kg3 Rf1 56. g8=Q Be1+ 57. Kg2 1-0

[Event "37th IND-ch (w)"]
[Site "Bhubaneswar IND"]
[Date "2010.12.29"]
[Round "5"]
[White "Kiran, Manisha Mohanty"]
[Black "Minki, Sinha"]
[Result "1-0"]
[WhiteElo "2230"]
[BlackElo "1880"]
[PlyCount "71"]
[EventDate "2010.12.25"]

1. e4 c5 2. Nf3 Nc6 3. d4 cxd4 4. Nxd4 Nf6 5. Nc3 d6 6. Bg5 e6 7. Qd2 Be7 8.
O-O-O O-O 9. f3 Qa5 10. Nb3 Qb6 11. h4 Rd8 12. Nb5 Rd7 13. Qe1 Qd8 14. g4 a6
15. N5d4 Qc7 16. Bd2 Nxd4 17. Nxd4 b5 18. h5 Bb7 19. g5 Ne8 20. Kb1 Rc8 21. Bd3
Qc5 22. Nb3 Qc7 23. Rg1 g6 24. hxg6 fxg6 25. Ba5 Qb8 26. f4 Bd8 27. f5 Bxa5 28.
Nxa5 Ng7 29. fxg6 hxg6 30. Qh4 Nh5 31. Qg4 Re8 32. e5 Kg7 33. Qd4 Qd8 34. Nxb7
Rxb7 35. Qe4 d5 36. Qxg6+ 1-0